History made, history imagined : contemporary literature, poiesis, and the past /

Bibliographic Details
Main Author: Price, David W. (David Walter), 1957-
Format: Book
Language:English
Published: Urbana : University of Illinois Press, [1999]
Subjects:

MARC

Tag First Indicator Second Indicator Subfields
LEADER 00000cam a2200000 a 4500
001 in00001513434
005 20151021101458.0
008 981103s1999 ilu b s001 0 eng
010 |a  98058031  
020 |a 0252024680 (alk. paper) 
020 |a 0252067762 (paperback : alk. paper) 
035 |a (OCoLC)40305702 
035 |9 AJL0043AM 
040 |a DLC  |c DLC  |d TXA  |d UtOrBLW 
049 |a TXAM 
050 0 0 |a D16.8  |b .P737 1999 
082 0 0 |a 901  |2 21 
100 1 |a Price, David W.  |q (David Walter),  |d 1957- 
245 1 0 |a History made, history imagined :  |b contemporary literature, poiesis, and the past /  |c David W. Price. 
264 1 |a Urbana :  |b University of Illinois Press,  |c [1999] 
264 4 |c ©1999 
300 |a x, 338 pages ;  |c 24 cm. 
336 |a text  |b txt  |2 rdacontent 
337 |a unmediated  |b n  |2 rdamedia 
338 |a volume  |b nc  |2 rdacarrier 
504 |a Includes bibliographical references (pages [315]-329) and index. 
505 0 |a Introduction: contending with history -- Making the truth: history, fiction, and philosophy -- Imagining the past: Carlos Fuentes's Terra nostra -- Experiencing the past: Susan Daitch's L.C. -- Critiquing the past: Salman Rushdie's Midnight's children -- Redeeming the past: Michel Tournier's Le roi des aulnes -- Improvising the past: Ishmael Reed's Mumbo jumbo -- Narrating the past: Graham Swift's Waterland -- Inventing the past: Mario Vargas Llosa's El hablador -- Postscript: Annihilating the past. 
650 0 |a History  |x Philosophy. 
650 0 |a History  |x Methodology. 
948 |a c:jlg 
999 |a MARS 
999 f f |s a075949d-403d-3f09-a96f-c7fc58346d2e  |i af1702a4-90ac-360d-8ecb-0443826e75f0  |t 0 
952 f f |p normal  |a Texas A&M University  |b College Station  |c Sterling C. Evans Library  |d Evans: Library Stacks  |t 0  |e D16.8 .P737 1999  |h Library of Congress classification  |i unmediated -- volume  |m A14825325668 
998 f f |a D16.8 .P737 1999  |t 0  |l Evans: Library Stacks